000 00336nam a2200121Ia 4500
008 231129s1994||||xx |||||||||||||| ||spa||
082 _aJSA- 191
100 _aBotero Jiménez Nodier
245 0 _aLa postmodernidad razonada desde la novela
260 _c1994
264 _aArmenia: Universidad del Quindí­o 1994
942 _2ddc
_cBKS
999 _c17972
_d17972